000 00432nam a2200193Ia 4500
005 20240823023632.0
008 240823s9999||||xx |||||||||||||| ||und||
020 _a81-8382-139-1
041 _aENGLISH
082 _A411 P9
100 _a"Sharma,B.D"
245 4 _aThe Power of Writing
250 _aIst
260 _c2009
_bLocus
500 _aYES
650 _aPower of Writing
_bGeneral
942 _cBK
999 _c182013
_d182013